|
|
|
|
| LEADER |
01573nam a22003977a 4500 |
| 001 |
mzk03001029911 |
| 003 |
CZ BrMZK |
| 005 |
20111122130704.0 |
| 007 |
ta |
| 008 |
040914s1757 au fr|||||00| ||latod |
| 040 |
|
|
|a BOA001
|b cze
|c BOA001
|
| 041 |
1 |
|
|a lat
|h fre
|
| 044 |
|
|
|a au
|a xr
|a it
|
| 072 |
|
7 |
|a 094
|x Staré tisky
|2 Konspekt
|9 12
|
| 080 |
|
|
|a (0.068)094
|2 MRF
|
| 100 |
1 |
|
|a La Caille, Nicolas-Louis de,
|d 1713-1762
|7 mzk2007401426
|4 aut
|
| 245 |
1 |
0 |
|a Lectiones elementares opticae ex editione Parisina anni MDCCLVI in latinum traductae a C.S. e S.J. quibus ... accessit Brevis theoria micrometri objectivi ... Concinnata M.DCC.LVII /
|c a Rogerio Josepho Boscovich
|
| 260 |
|
|
|a Viennae ;
|a Pragae ;
|a et Tergesti :
|b Joannes Thomas Trattner,
|c [1757]
|
| 300 |
|
|
|a [6], 138 s., příl. ;
|c 4°
|
| 501 |
|
|
|a Přívazek k: Lectiones elementares mechanicae ... / Nicolas Louis de La Caille
|
| 655 |
|
7 |
|a staré tisky
|7 fd422076
|2 czenas
|
| 700 |
1 |
|
|a Scherffer, Karl,
|d 1716-1783
|7 ola2007404610
|4 trl
|
| 700 |
1 |
|
|a Bošković, Ruđer Josip,
|d 1711-1787
|7 ola2002153885
|4 oth
|
| 903 |
|
|
|a RP
|
| 910 |
|
|
|a BOA001
|b MP-0000.845,přív.
|
| 978 |
|
|
|b Trattner, Johann Thomas von
|a Praha
|c 1759
|
| 978 |
|
|
|b Trattner, Johann Thomas von
|a Trieste
|c 1759
|
| 978 |
|
|
|b Trattner, Johann Thomas von
|a Wien
|c 1759
|
| 984 |
|
|
|a Praha
|b Česko
|
| 984 |
|
|
|a Terst
|b Itálie
|
| 984 |
|
|
|a Vídeň
|b Rakousko
|
| 985 |
|
|
|a 1751-1800
|
| 990 |
|
|
|a BK
|
| 993 |
|
|
|a Y
|
| 991 |
|
|
|k mzk
|
| 994 |
|
|
|a UP
|l MZK03
|b 001029910
|m přívazek
|n záznam 1. díla (pro objednání pokračujte kliknutím)
|